000 00500nam a2200145 a 4500
008 210429s2004 xx |||||||||||||| || u
020 _a9785883370044
050 _aPG 2900 Ham
100 _aDronov, V.V
245 1 0 _aRosinka
_cE.A Hamraeva and V.V Dronov
260 _c2004
300 _a158 pages: illustrations
700 _aHamraeva, E.A
995 _FCBU-MAIN LIBRARY (Kitwe)
_M1
_UAVAILABLE
_WApr 29, 2021
_ZMain Library Open Access Collection
999 _c56752
_d56752